000 01074njm a2200241 i 4500
001 4921
003 ES-MaACL
005 20240604153531.0
007 s|r|||||||||||
008 070824s1976 sp ||| g ||||||||1|nspa d
100 1 _aLleonart Amsélem, Alberto J.
_972763
245 1 0 _aPresentación del libro "Derecho de los Estados a disponer libremente de sus recursos naturales" de Alberto J. Lleonart y Amsélem [
_hGrabación sonora] /
_cinterviene Alberto J. Lleonart y Amsélem.
260 _aMadrid :
_bAteneo de Madrid,
_c1976.
300 _a1 disco (CD-DA) (59 min.) ;
_c12 cm.
500 _aDatos basados en la invitación.
518 _aActo organizado por el Ateneo de Madrid, grabado en la sala de conferencias el martes 9 de noviembre de 1976, a las 20:00 h.
610 2 4 _aAteneo de Madrid-
_xActos culturales-
_y1976-
_vGrabaciones sonoras.
_91886
650 1 4 _aRecursos naturales-
_xAspectos políticos.
_916701
710 2 _aAteneo de Madrid.
_91875
852 _aES-MaACL
_cROT
_jROT 4/4/36
_95038
942 _2udc
_cCDROM
999 _c4921
_d4921